RADIOTRON DESIGNERS HANDBOOK (Record no. 570342)
[ view plain ]
| 000 -LEADER | |
|---|---|
| fixed length control field | 00310nam a22001217a 4500 |
| 082 ## - DEWEY DECIMAL CLASSIFICATION NUMBER | |
| Classification number | 621.3615 RAD |
| 100 ## - MAIN ENTRY--PERSONAL NAME | |
| Personal name | SMITH F LANGFORD |
| 9 (RLIN) | 60661 |
| 245 ## - TITLE STATEMENT | |
| Title | RADIOTRON DESIGNERS HANDBOOK |
| 260 ## - PUBLICATION, DISTRIBUTION, ETC. | |
| Place of publication, distribution, etc. | USA |
| Name of publisher, distributor, etc. | RADIO CORPORATION |
| Date of publication, distribution, etc. | 1960 |
| 300 ## - PHYSICAL DESCRIPTION | |
| Extent | 1498P |
| 650 ## - SUBJECT ADDED ENTRY--TOPICAL TERM | |
| Topical term or geographic name entry element | RADIOTRON DESIGNER'S HANDBOOK |
| 9 (RLIN) | 60662 |
| 942 ## - ADDED ENTRY ELEMENTS (KOHA) | |
| Koha item type | Book |
| Withdrawn status | Lost status | Damaged status | Not for loan | Permanent Location | Current Location | Shelving location | Date acquired | Total Checkouts | Full call number | Barcode | Date last seen | Price effective from | Koha item type |
|---|---|---|---|---|---|---|---|---|---|---|---|---|---|
| College of Electrical & Mechanical Engineering (CEME) | College of Electrical & Mechanical Engineering (CEME) | General Stacks | 07/19/2017 | 621.3615 RAD | CEME-125 | 06/28/2021 | 06/28/2021 | Book | |||||
| College of Electrical & Mechanical Engineering (CEME) | College of Electrical & Mechanical Engineering (CEME) | General Stacks | 07/19/2017 | 621.3615 RAD | CEME-118 | 06/28/2021 | 06/28/2021 | Book |
